000 00282nam a2200121Ia 4500
008 190216s9999||||xx |||||||||||||| ||und||
100 _aGanguli V N
245 0 _aIndian Economic Thought
260 _bNm Thripathi Pvt Ltd
_c1978
300 _a253p
650 _aCommerce
942 _cBK
999 _c4245
_d4245